[Event "Figueres Region-ch"]
[Site "Figueres	"]
[Date "2021.11.06"]
[Round "6"]
[White "Xifra Tome, Bernat"]
[Black "Gili Cufi, Victor"]
[Result "1/2-1/2"]
[WhiteElo "1808"]
[BlackElo "1425"]
[PlyCount "106"]
[EventDate "2021.09.25"]
[EventType "swiss"]
[EventRounds "9"]
[EventCountry "ESP"]
[SourceTitle "EXT 2023"]
[Source "ChessBase"]
[SourceDate "2022.10.05"]
[SourceVersion "1"]
[SourceVersionDate "2022.10.05"]
[SourceQuality "1"]

1. e4 c6 2. d4 d5 3. exd5 cxd5 4. c4 Nf6 5. Nc3 Nc6 6. Nf3 Bg4 7. cxd5 Nxd5 8. Qb3 Bxf3 9. gxf3 e6 10. Qxb7 Nxd4 11. Bb5+ Nxb5 12. Qc6+ Ke7 13. Qxb5 Qd7 14. Qxd7+ Kxd7 15. Nxd5 exd5 16. Be3 Bb4+ 17. Ke2 Rhc8 18. Rac1 Bd6 19. Rhd1 Ke6 20. Kd3 g6 21. h4 h5 22. Re1 Kf5 23. Bd4 f6 24. b3 a6 25. Rcd1 Be5 26. Re2 Kf4 27. Rg1 Rg8 28. Be3+ Kf5 29. Rc2 Rac8 30. Rgc1 Rxc2 31. Rxc2 g5 32. Rc1 d4 33. Bd2 Bf4 34. Rc5+ Be5 35. Rc1 Bf4 36. Bxf4 Kxf4 37. Rh1 Rh8 38. Kxd4 Kxf3 39. hxg5 fxg5 40. Rh2 g4 41. Kc5 g3 42. fxg3 Kxg3 43. Rh1 h4 44. Kb6 Rh6+ 45. Ka5 h3 46. b4 h2 47. a4 Kg2 48. Rc1 h1Q 49. Rxh1 Kxh1 50. b5 axb5 51. axb5 Kg2 52. b6 Kg3 53. b7 Rh8 1/2-1/2

[Event "Girona-ch"]
[Site "Sant Gregori"]
[Date "2019.11.10"]
[Round "4"]
[White "Vilar Lopez, Monica"]
[Black "Xifra Tome, Bernat"]
[Result "1-0"]
[WhiteElo "2058"]
[BlackElo "1708"]
[PlyCount "73"]
[EventDate "2019.10.13"]
[EventType "swiss"]
[EventRounds "9"]
[EventCountry "ESP"]
[SourceTitle "CBM 194 Extra"]
[Source "ChessBase"]
[SourceDate "2020.03.31"]
[SourceVersion "1"]
[SourceVersionDate "2020.03.31"]
[SourceQuality "1"]

1. e4 e6 2. d4 d5 3. e5 c5 4. c3 Qb6 5. Nf3 Bd7 6. Be2 cxd4 7. cxd4 Bb5 8. Nc3 Bxe2 9. Qxe2 Nc6 10. 0-0 Nge7 11. Rd1 Nf5 12. a3 Be7 13. Qd3 h5 14. Nxd5 Qa5 15. Ne3 Nxe3 16. Bxe3 Rd8 17. Qb3 Qd5 18. Qxb7 Rb8 19. Qa6 Rxb2 20. Rac1 Rb6 21. Qc8+ Nd8 22. Rc7 Rc6 23. Rc1 Rxc1+ 24. Bxc1 g5 25. Qa6 Qb3 26. h3 g4 27. Rxe7+ Kf8 28. Bg5 Qd1+ 29. Kh2 gxf3 30. Re8+ Kg7 31. Bf6+ Kg6 32. Rxh8 Qxd4 33. Rg8+ Kh7 34. Rg7+ Kh6 35. Qc8 Qf4+ 36. g3 Qd4 37. Qc1+ 1-0

[Event "Sant Gregori op 4th"]
[Site "Sant Gregori"]
[Date "2019.07.13"]
[Round "6.3"]
[White "Diaz Comas, Jordi"]
[Black "Xifra Tome, Bernat"]
[Result "1-0"]
[WhiteElo "1897"]
[BlackElo "1773"]
[PlyCount "51"]
[EventDate "2019.07.08"]
[EventType "swiss"]
[EventRounds "7"]
[EventCountry "ESP"]
[SourceTitle "EXT 2024"]
[Source "ChessBase"]
[SourceDate "2023.10.10"]
[SourceVersion "1"]
[SourceVersionDate "2023.10.10"]
[SourceQuality "1"]

1. e4 e6 2. d4 d5 3. Bd3 dxe4 4. Bxe4 Nf6 5. Bf3 c5 6. Ne2 Nc6 7. c3 Be7 8. 0-0 0-0 9. dxc5 Bxc5 10. Bf4 Qb6 11. b4 Be7 12. Nd2 Rd8 13. Qc2 Nd5 14. Bg3 e5 15. Rfd1 Be6 16. a3 Qc7 17. c4 Nb6 18. c5 Nd5 19. h3 Rac8 20. Nc3 Nd4 21. Nxd5 Bxd5 22. Qd3 Nxf3+ 23. Nxf3 f6 24. Qf5 a5 25. Rxd5 Qc6 26. Rdd1 1-0

[Event "Sant Gregori op 4th"]
[Site "Sant Gregori"]
[Date "2019.07.12"]
[Round "5.2"]
[White "Xifra Tome, Bernat"]
[Black "Farre I Benseny, Miquel"]
[Result "0-1"]
[WhiteElo "1773"]
[BlackElo "1783"]
[PlyCount "94"]
[EventDate "2019.07.08"]
[EventType "swiss"]
[EventRounds "7"]
[EventCountry "ESP"]
[SourceTitle "EXT 2024"]
[Source "ChessBase"]
[SourceDate "2023.10.10"]
[SourceVersion "1"]
[SourceVersionDate "2023.10.10"]
[SourceQuality "1"]

1. e4 e5 2. Nf3 Nc6 3. d4 exd4 4. Nxd4 Bc5 5. Nb3 Bb6 6. Nc3 d6 7. Qe2 Nge7 8. Be3 0-0 9. 0-0-0 f5 10. f3 Bxe3+ 11. Qxe3 f4 12. Qf2 a5 13. a4 Nb4 14. Bc4+ Kh8 15. g4 Ng6 16. Nd4 Ne5 17. Bb3 Qe8 18. h4 Na6 19. Nd5 Bd7 20. Kb1 Bxa4 21. Bxa4 Qxa4 22. Ne6 Rf7 23. Nexf4 Nb4 24. Nc3 Qxc2+ 25. Qxc2 Nxc2 26. Ncd5 Nb4 27. Nxb4 axb4 28. Nd5 b3 29. Rh3 b5 30. Rc1 Nc4 31. Rc3 c6 32. Nb4 Rfa7 33. Rxb3 Nd2+ 34. Kc2 Nxb3 35. Kxb3 Rc8 36. Rh2 Rf7 37. Rf2 h5 38. gxh5 Rf4 39. Ka2 Rxh4 40. Rd2 c5 41. Nd5 Rxh5 42. f4 Ra8+ 43. Kb1 b4 44. Ne7 b3 45. Rd1 Rh2 46. e5 dxe5 47. fxe5 Ra2 0-1

[Event "Llinars del Valles op-A 13th"]
[Site "Llinars del Valles"]
[Date "2019.05.04"]
[Round "4"]
[White "Xifra Tome, Bernat"]
[Black "Costa Trave, Jaume"]
[Result "0-1"]
[WhiteElo "1771"]
[BlackElo "1874"]
[PlyCount "96"]
[EventDate "2019.03.30"]
[EventType "swiss"]
[EventRounds "8"]
[EventCountry "ESP"]
[SourceTitle "EXT 2020"]
[Source "ChessBase"]
[SourceDate "2019.10.17"]
[SourceVersion "1"]
[SourceVersionDate "2019.10.17"]
[SourceQuality "1"]

1. e4 e6 2. d4 d5 3. exd5 exd5 4. Bd3 Bd6 5. Qf3 c6 6. Ne2 Nf6 7. h3 Be6 8. 0-0 Nbd7 9. Bf4 Qc7 10. Re1 0-0 11. Nd2 Rae8 12. c3 a6 13. Nf1 Ne4 14. Bxd6 Qxd6 15. Nfg3 f5 16. Qf4 g5 17. Qxd6 Nxd6 18. Nf1 f4 19. Nh2 h5 20. f3 Kg7 21. b4 Bf5 22. Bxf5 Nxf5 23. Kf2 Ne3 24. Nf1 Nc2 25. Rec1 Nxa1 26. Rxa1 Re7 27. Rb1 Rfe8 28. Rb2 Nb6 29. Nc1 Nc4 30. Rc2 Re1 31. Re2 R8xe2+ 32. Nxe2 Ra1 33. a4 Rxa4 34. h4 Ra2 35. g3 fxg3+ 36. Nfxg3 Kg6 37. hxg5 Kxg5 38. f4+ Kg4 39. Nf1 h4 40. Nh2+ Kh3 41. Nf3 Nd6 42. Ke3 Ne4 43. f5 Kg4 44. Nf4 h3 45. Ne5+ Kxf5 46. Nxh3 Nxc3 47. Nf4 Nd1+ 48. Kf3 Rf2+ 0-1

[Event "Girona-ch"]
[Site "Banyoles"]
[Date "2018.11.11"]
[Round "6"]
[White "Xifra Tome, Bernat"]
[Black "Vilar Lopez, Monica"]
[Result "0-1"]
[WhiteElo "1786"]
[BlackElo "2047"]
[PlyCount "130"]
[EventDate "2018.09.30"]
[EventType "swiss"]
[EventRounds "9"]
[EventCountry "ESP"]
[SourceTitle "CBM 187 Extra"]
[Source "ChessBase"]
[SourceDate "2018.11.04"]
[SourceVersion "1"]
[SourceVersionDate "2018.11.04"]
[SourceQuality "1"]

1. e4 e6 2. Qe2 e5 3. Nf3 Nc6 4. Nc3 Nf6 5. g3 Bc5 6. Bg2 0-0 7. 0-0 d6 8. d3 Bg4 9. Be3 Bb6 10. h3 Bh5 11. g4 Bg6 12. Nh2 Nd4 13. Qd1 c6 14. Na4 Ne6 15. Nxb6 axb6 16. Nf3 Qc7 17. Nh4 d5 18. g5 Nh5 19. exd5 cxd5 20. Bxd5 Nef4 21. Bg2 Ra4 22. Nxg6 fxg6 23. c3 Qd7 24. Kh2 Nxg2 25. Kxg2 Rh4 26. Rh1 Qf5 27. Qe2 Nf4+ 28. Bxf4 Rxf4 29. Raf1 Rf3 30. d4 Qxg5+ 31. Kh2 Qf4+ 32. Kg1 e4 33. Rh2 e3 34. Qe1 exf2+ 35. Rfxf2 Qg3+ 36. Rhg2 Qxh3 37. Rxf3 Qxf3 38. Qe6+ Kh8 39. d5 g5 40. d6 Qd1+ 41. Kh2 Rd8 42. Re2 h6 43. d7 Qxd7 44. Qxb6 Qd6+ 45. Qxd6 Rxd6 46. a4 Kh7 47. a5 h5 48. c4 Rd4 49. Re7 Rd2+ 50. Kg3 Rxb2 51. Re5 Rb3+ 52. Kg2 Kg6 53. Rb5 Ra3 54. c5 h4 55. Rb6+ Kh7 56. Rxb7 Rxa5 57. c6 Rc5 58. c7 Rc3 59. Kh2 Kh6 60. Rb6+ g6 61. Rb7 g4 62. Kg2 Rc2+ 63. Kg1 h3 64. Kh1 g3 65. Rb3 Rc1# 0-1

[Event "L'Estartit Baix Ter U2200"]
[Site "L'Estartit"]
[Date "2018.09.02"]
[Round "6.5"]
[White "Martinez Martin, Jose Javier"]
[Black "Xifra Tome, Bernat"]
[Result "1/2-1/2"]
[WhiteElo "1975"]
[BlackElo "1786"]
[PlyCount "122"]
[EventDate "2018.09.01"]
[EventType "swiss"]
[EventRounds "6"]
[EventCountry "ESP"]
[SourceTitle "EXT 2024"]
[Source "ChessBase"]
[SourceDate "2023.10.10"]
[SourceVersion "1"]
[SourceVersionDate "2023.10.10"]
[SourceQuality "1"]

1. e4 e6 2. d4 d5 3. Bd3 dxe4 4. Bxe4 Nf6 5. Bf3 c5 6. Ne2 Nc6 7. Bxc6+ bxc6 8. Be3 Qb6 9. b3 Ba6 10. dxc5 Bxc5 11. Bxc5 Qxc5 12. c4 Rd8 13. Qc2 Qg5 14. 0-0 0-0 15. Rd1 c5 16. Nbc3 Bb7 17. Ng3 h5 18. Nce4 Nxe4 19. Nxe4 Qg6 20. f3 Bxe4 21. Qxe4 Qxe4 22. fxe4 f6 23. g3 Rd4 24. Rxd4 cxd4 25. b4 Kf7 26. Rd1 e5 27. Rd3 Rb8 28. Rb3 Ke6 29. c5 Kd7 30. b5 Kc7 31. Kf2 g6 32. a4 a6 33. h3 axb5 34. axb5 f5 35. Kf3 Kd7 36. Rb1 Ra8 37. Rb3 Rb8 38. Rb4 Ra8 39. Rb3 Kc7 40. g4 hxg4+ 41. hxg4 f4 42. Ke2 Rb8 43. Kd3 f3 44. Kd2 Rf8 45. Ke1 f2+ 46. Kf1 Kb8 47. g5 Rf7 48. b6 Kb7 49. Ra3 Kc6 50. Ra5 d3 51. Ra3 d2 52. Ra1 Kxc5 53. Rd1 Kxb6 54. Rxd2 Kc6 55. Rd5 Re7 56. Kxf2 Kc7 57. Ke3 Kc6 58. Kd3 Rd7 59. Rxd7 Kxd7 60. Kc3 Kc7 61. Kb3 Kb7 1/2-1/2

[Event "L'Estartit Baix Ter U2200"]
[Site "L'Estartit"]
[Date "2018.09.02"]
[Round "5.4"]
[White "Xifra Tome, Bernat"]
[Black "Fernandez Madrid, Carlos"]
[Result "1/2-1/2"]
[WhiteElo "1786"]
[BlackElo "2078"]
[PlyCount "97"]
[EventDate "2018.09.01"]
[EventType "swiss"]
[EventRounds "6"]
[EventCountry "ESP"]
[SourceTitle "EXT 2024"]
[Source "ChessBase"]
[SourceDate "2023.10.10"]
[SourceVersion "1"]
[SourceVersionDate "2023.10.10"]
[SourceQuality "1"]

1. e4 d6 2. d4 Nf6 3. Nc3 g6 4. Be2 Bg7 5. h3 0-0 6. Nf3 c6 7. Be3 Nbd7 8. 0-0 Qc7 9. Qd2 e5 10. Bh6 exd4 11. Nxd4 Nc5 12. Bxg7 Kxg7 13. Bf3 a5 14. a4 Be6 15. Rad1 Rad8 16. Rfe1 Rfe8 17. Qf4 Bc8 18. Nf5+ Bxf5 19. exf5 Rxe1+ 20. Rxe1 Qd7 21. Bg4 h5 22. Bf3 Qxf5 23. Qxf5 gxf5 24. b3 d5 25. Re5 Kg6 26. Ne2 Ne6 27. Ng3 Nd4 28. Bd1 h4 29. Ne2 Nxe2+ 30. Bxe2 Re8 31. Rxe8 Nxe8 32. Bd3 Kf6 33. g3 hxg3 34. fxg3 Nd6 35. Kf2 Ke5 36. Ke3 c5 37. h4 c4 38. bxc4 dxc4 39. Be2 Ne4 40. Bxc4 Nxg3 41. Bxf7 f4+ 42. Kf3 Nf5 43. h5 b6 44. Bg6 Nh6 45. Bd3 Ng8 46. Be4 Nh6 47. Bg6 Ng8 48. Be4 Nh6 49. Bg6 1/2-1/2

[Event "Santa Eugenia op 12th"]
[Site "Santa Eugenia"]
[Date "2017.07.31"]
[Round "1"]
[White "Triadu Cassa, Jordi"]
[Black "Xifra Tome, Bernat"]
[Result "1-0"]
[WhiteElo "2120"]
[BlackElo "1495"]
[PlyCount "81"]
[EventDate "2017.07.31"]
[EventType "swiss"]
[EventRounds "9"]
[EventCountry "ESP"]
[SourceTitle "CBM 179 Extra"]
[Source "ChessBase"]
[SourceDate "2017.08.23"]
[SourceVersion "1"]
[SourceVersionDate "2017.08.23"]
[SourceQuality "1"]

1. e4 e6 2. d4 d5 3. Nc3 dxe4 4. Nxe4 Nd7 5. Nf3 Ngf6 6. Nxf6+ Nxf6 7. Ne5 Bd6 8. Bd3 h6 9. 0-0 Bd7 10. Qf3 Bxe5 11. dxe5 Nd5 12. Qg3 g5 13. Bd2 f5 14. exf6 Qxf6 15. c4 Nf4 16. Bc3 e5 17. Bxe5 Qc6 18. Bxh8 0-0-0 19. Be5 Bh3 20. Bxf4 Rxd3 21. gxh3 Rxg3+ 22. Bxg3 h5 23. f3 Qxc4 24. Kg2 Qc2+ 25. Rf2 Qf5 26. Rc1 c6 27. Rd1 h4 28. Bd6 Qa5 29. b3 b6 30. Re2 Qc3 31. Be7 Qg7 32. Rde1 Kb7 33. Re5 Qg6 34. R1e2 g4 35. hxg4 Qh7 36. Kh3 Qd3 37. R5e3 Qb1 38. Kxh4 Qh7+ 39. Kg3 Qb1 40. Kg2 Qd1 41. h4 1-0